| 000 | 01469nam a22003857a 4500 | ||
|---|---|---|---|
| 003 | CHAP | ||
| 005 | 20220329140526.0 | ||
| 008 | 971013s1974 r 00010 d | ||
| 010 | _a53350 | ||
| 011 | _a54322 | ||
| 035 | _a58473 | ||
| 040 | _cCHAP | ||
| 082 |
_a636.2 _bR68 |
||
| 100 | 0 | 0 |
_aRovira, Jaime. _9100343 |
| 245 | _aReproducción y manejo de los rodeos de cría | ||
| 260 |
_aMontevideo : _bHemisferio Sur, _c(1974) |
||
| 300 |
_a293 p. _b; gráfs. |
||
| 490 |
_aColección ciencias agropecuarias _v; 8 |
||
| 590 |
_aBATCH-UPD _b10 _c20130110 _lUCH01 _h0829 |
||
| 590 |
_aBATCH-UPD _b10 _c20130410 _lUCH01 _h0507 |
||
| 590 |
_aBATCH-UPD _b10 _c20130914 _lUCH01 _h0552 |
||
| 590 |
_aCONVERSION _b10 _c20130109 _lUCH01 _h1329 |
||
| 650 | 1 | 4 |
_aBecerros. _911171 |
| 650 | 1 | 4 |
_aGanado vacuno. _945425 |
| 830 | 0 |
_aColección ciencias agropecuarias _v; 8 _924744 |
|
| 901 | _aBK | ||
| 942 | _cLIBRO | ||
| 949 |
_a636.2 R68 _bBC _cLIBRO _d33724000097572 _eLIBRO _fc.10 _h46359 _i58473 _si |
||
| 949 |
_a636.2 R68 _bBC _cLIBRO _d33724000097580 _eLIBRO _fc.4 _h33022 _i58473 _si |
||
| 949 |
_a636.2 R68 _bBC _cLIBRO _d33724000097598 _eLIBRO _fc.3 _h33021 _i58473 _si |
||
| 949 |
_a636.2 R68 _bBC _cLIBRO _d33724000097606 _eLIBRO _fc.2 _h33020 _i58473 _si |
||
| 949 |
_a636.2 R68 _bBC _cLIBRO _d33724000097614 _eLIBRO _h33019 _i58473 _si |
||
| 949 |
_a636.2 R68 _bBC _cLIBRO _d33724000097622 _eLIBRO _fc.6 _h40097 _i58473 _si |
||
| 949 |
_a636.2 R68 _bBC _cLIBRO _d33724000097630 _eLIBRO _fc.9 _h46358 _i58473 _si |
||
| 999 |
_c53350 _d53350 |
||